TERÖR KISKACINDA TÜRKİYE (Record no. 690271)

MARC details
000 -LEADER
sabit uzunluktaki kontrol alanı 00253nam a2200097Ia 4500
001 - KONTROL NUMARASI
kontrol alanı 690271
005 - EN SON İŞLEMİN TARİH VE ZAMANI
kontrol alanı 20250826161813.0
008 - SABİT-UZUNLUKTA VERİ ÖĞELERİ--GENEL BİLGİ
sabit uzunluktaki kontrol alanı 250824s9999 xx 000 0 und d
245 #0 - ESER / YAZAR
ESER ADI TERÖR KISKACINDA TÜRKİYE
Yazar Adı HALİT ESENDİR
260 ## - YAYIN, DAĞITIM, VB.
YAYIN EVİ TİMAŞ YAYINLARI
Holdings
Düşüm durumu Kayıp durumu Hasar Durumu Ödünç verilmez Ana kütüphane Geçerli Kütüphane Edinilen tarih Toplam ödünç verme sayısı Barkod Son görüntüleme tarihi Fiyatın geçerli olmaya başladığı tarih Koha materyal türü
        M. HALİL İBRAHİM HEKİMOĞLU MESLEKİ VE TEKNİK A. L. M. HALİL İBRAHİM HEKİMOĞLU MESLEKİ VE TEKNİK A. L. 24.08.2025   10171163 26.08.2025 26.08.2025 Books